National Anthem of North Macedonia - Денес над Македонија - Statistics

General Stats
  • This quiz has been taken 7 times
  • The average score is 56 of 86
Answer Stats
Lyrics % Correct
Denes
100%
Makedonija
100%
Makedonija
100%
Makedonija
100%
na
100%
Na
100%
Na
100%
na
100%
nad
100%
se
100%
se
100%
se
100%
se
100%
se
100%
se
100%
sonce
100%
Dame
86%
Dame
86%
Delčev,
86%
Delčev,
86%
Goce
86%
Goce
86%
Gruev,
86%
Gruev,
86%
Guli,
86%
Guli,
86%
novo
86%
Pitu
86%
Pitu
86%
Sandanski!
86%
Sandanski!
86%
slobodata!
86%
za
86%
za
86%
borat,
71%
borat,
71%
Kruševskata
71%
Makedoncite
71%
Makedoncite
71%
pravdini!
71%
pravdini!
71%
Republika!
71%
slobodna,
71%
slobodna,
71%
slobodno
71%
slobodno
71%
svoite
71%
svoite
71%
vee,
71%
živee!
71%
živee!
71%
Gorite
57%
Makedonski
57%
novi
57%
novi
57%
peat,
57%
pesni,
57%
sega
57%
šumno
57%
vesnici!
57%
znameto
57%
i
43%
i
43%
Odnovo
43%
raǵa,
43%
krenalo!
29%
krenalo!
29%
maško
29%
maško
29%
mlado,
29%
mlado,
29%
noze
29%
noze
29%
Staro,
29%
Staro,
29%
žensko,
29%
žensko,
29%
glava
14%
gordo,
14%
Kreni
14%
majko
14%
Makedonijo
14%
mila,
14%
Ne
14%
plači
14%
visoko,
14%
No matching quizzes found
Score Distribution
Percent of People with Each Score
Percentile by Number Answered
Your Score History
You have not taken this quiz